000 00728nam a2200289Ia 4500
005 20260324111424.0
008 008 260324s9999 xx 000 0 eng d
020 _a9781003509059
037 _aEBOOK
040 _aCRL
040 _beng
040 _cCRL
041 _2eng
041 _aeng
084 _qCRL
100 _aHelen L Holmes
_91138498
245 0 _aInside Psychosis
245 2 _bA clinical and therapeutic exploration of working on male and female acute psychiatric wards
260 _bTaylor and Francis
260 _c2025
365 _a
365 _b220
856 _uhttp://www.taylorfrancis.com/books/9781003509059
942 _cEBOOK
999 _c1727315
_d1727315